| 000 | 00425nam a2200157 a 4500 | ||
|---|---|---|---|
| 001 | 4507 | ||
| 003 | CDMR | ||
| 005 | 20130314183714.0 | ||
| 008 | 130130s1996||||||||||||||||||||||||||||d | ||
| 020 | _a8476281641 | ||
| 040 |
_aCDMR _bcat _cCDMR |
||
| 245 | 0 |
_aEnciclopedia del cine español _b: cronología _cPascual Cebollada, Luis Rubio Gil |
|
| 260 |
_aBarcelona _c1996 _bEdiciones del Serbal |
||
| 300 | _a2 v. | ||
| 942 |
_cMON _2udc |
||
| 999 |
_c4507 _d4507 |
||